skbl

Dr Suryya Kumar Bhuyan Library Web-OPAC
ডঃ সূৰ্য্য
কুমাৰ ভূঞা পুথিভঁৰাল ৱেব-অ'পেক

All Research Scholars are advised to clear the annual library fees to continue using Library Resources, Remote Access, Plagiarism Test and Library Clearance.

Cotton University Book Fair 2026

List of species &gen of india phanerogans not included in sir j.d. hookers flora of british india / (Record no. 39)

MARC details
000 -LEADER
fixed length control field 00568nam a2200193Ia 4500
001 - CONTROL NUMBER
control field 39
005 - DATE AND TIME OF LATEST TRANSACTION
control field 20240113233352.0
007 - PHYSICAL DESCRIPTION FIXED FIELD--GENERAL INFORMATION
fixed length control field ta
008 - FIXED-LENGTH DATA ELEMENTS--GENERAL INFORMATION
fixed length control field 041016s906- a g b000 u u
020 ## - INTERNATIONAL STANDARD BOOK NUMBER
Terms of availability HB
082 ## - DEWEY DECIMAL CLASSIFICATION NUMBER
Classification number 580
Item number ca 125 sp
100 ## - MAIN ENTRY--PERSONAL NAME
Personal name Calder , c.c. .
245 #0 - TITLE STATEMENT
Title List of species &gen of india phanerogans not included in sir j.d. hookers flora of british india /
Statement of responsibility, etc. C.C. Calder.
Medium Textual Documents
260 ## - PUBLICATION, DISTRIBUTION, ETC.
Name of publisher, distributor, etc. Derha dan international book distributor ,
Date of publication, distribution, etc. 1906-1924.
300 ## - PHYSICAL DESCRIPTION
Extent 157p. :
Other physical details ill ;
653 ## - INDEX TERM--UNCONTROLLED
Uncontrolled term Botany
942 ## - ADDED ENTRY ELEMENTS (KOHA)
Source of classification or shelving scheme Dewey Decimal Classification
Koha item type Books
Holdings
Withdrawn status Lost status Damaged status Not for loan Collection Home library Current library Date acquired Coded location qualifier Total checkouts Full call number Barcode Date last seen Copy number Price effective from Koha item type
          Dr. Suryya Kumar Bhuyan Library Dr. Suryya Kumar Bhuyan Library 01/02/2012 00000   580 ca 125 sp 027/botany 13/01/2024 1 01/02/2012 Books

Designed and Maintained by Team SKBL
©1901-2026

Powered by Koha